000 00836cam a2200301 4500
003 OSt
005 20140310184525.0
008 700604s1970 nju j 000 1 eng
010 _a 70104340
020 _a0440440629
040 _aDLC
_cDLC
_dDLC
042 _alcac
050 0 0 _aPZ 7
_b.B6265ig 1970
100 1 _aBlume, Judy.
_96113
245 1 0 _aIggie's house /
_cJudy Blume.
260 _aEnglewood Cliffs, N.J., :
_bBradbury Press,
_c1970.
300 _a117 p. :
_c22 cm.
350 _a4.25
521 _aG3
526 _c540
650 1 _aRace relations
_vFiction.
_930154
650 1 _aAfrican Americans
_vFiction.
_930155
650 1 _aFriendship
_vFiction.
_930156
650 1 _aPrejudices
_vFiction.
_930157
906 _a7
_bcbc
_corignew
_du
_encip
_f19
_gy-gencatlg
942 _2lcc
_cBK-SCHOLAS
999 _c35106
_d35106